[Event "Haarlem Nova College op 11th"]
[Site "Haarlem"]
[Date "2012.07.07"]
[Round "2"]
[White "Van Kampen, Robin"]
[Black "Van der Linden, Bert"]
[Result "1-0"]
[WhiteElo "2560"]
[BlackElo "2258"]
[PlyCount "77"]
[EventDate "2012.07.06"]
[EventType "swiss"]
[EventRounds "6"]
[EventCountry "NED"]
[SourceTitle "CBM 149 Extra"]
[Source "ChessBase"]
[SourceDate "2012.08.24"]
[SourceVersion "1"]
[SourceVersionDate "2012.08.24"]
[SourceQuality "1"]

1. e4 e6 2. d4 d5 3. Nc3 Nf6 4. Bg5 Be7 5. e5 Nfd7 6. Bxe7 Qxe7 7. f4 0-0 8. Nf3 c5 9. Bd3 f6 10. 0-0 Nc6 11. Qe1 cxd4 12. exf6 Qxf6 13. Ne2 Nc5 14. Rd1 Bd7 15. Kh1 e5 16. fxe5 Nxe5 17. Nxe5 Qxe5 18. Nxd4 Nxd3 19. Rxd3 Rxf1+ 20. Qxf1 Rf8 21. Qg1 Bg4 22. h3 Be2 23. Nxe2 Qxe2 24. Qd4 Rf5 25. Rc3 h5 26. Rc8+ Kh7 27. Rc7 Qe1+ 28. Kh2 Rg5 29. Qf4 Rg6 30. Rxb7 Qe2 31. Qf3 Qe5+ 32. Kg1 Rg3 33. Qf2 Re3 34. Qd2 h4 35. Rf7 Re1+ 36. Rf1 Rxf1+ 37. Kxf1 Qf5+ 38. Qf2 Qxf2+ 39. Kxf2 1-0

[Event "BL2-West 0203"]
[Site "Germany"]
[Date "2003.03.09"]
[Round "8.2"]
[White "Saltaev, Mihail"]
[Black "Van der Linden, Bert"]
[Result "0-1"]
[WhiteElo "2493"]
[BlackElo "2277"]
[PlyCount "70"]
[EventDate "2002.10.20"]
[EventType "team-tourn"]
[EventRounds "9"]
[EventCountry "GER"]
[SourceTitle "EXT 2004"]
[Source "ChessBase"]
[SourceDate "2003.11.25"]
[SourceVersion "1"]
[SourceVersionDate "2003.11.25"]
[SourceQuality "1"]
[WhiteTeam "Muelheim Nord"]
[BlackTeam "Castrop Rauxel"]
[WhiteTeamCountry "GER"]
[BlackTeamCountry "GER"]

1. e4 c5 2. Nf3 e6 3. Nc3 a6 4. d4 cxd4 5. Nxd4 b5 6. Bd3 Bb7 7. 0-0 b4 8. Na4 Nf6 9. Re1 Nc6 10. Nf3 Be7 11. Be3 d6 12. a3 0-0 13. h3 Nd7 14. Bf1 Qc7 15. axb4 Nxb4 16. c3 Nc6 17. Nd2 Nce5 18. f4 Ng6 19. b4 Bh4 20. Bd3 Bxe1 21. Qxe1 e5 22. f5 Nf4 23. Bc2 d5 24. Nc5 Nxc5 25. Bxc5 Rfd8 26. Qe3 d4 27. cxd4 exd4 28. Qf2 a5 29. Rc1 axb4 30. Bb1 Ba6 31. Kh1 Ne2 32. Rc2 Bd3 33. Rb2 Ra1 34. Nb3 Rxb1+ 35. Rxb1 Ng3+ 0-1

[Event "BEL-chT 0102"]
[Site "Belgium"]
[Date "2002.01.06"]
[Round "6"]
[White "Van der Linden, Bert"]
[Black "Van der Burch, Arie"]
[Result "1-0"]
[WhiteElo "2235"]
[BlackElo "2268"]
[PlyCount "121"]
[EventDate "2001.10.14"]
[EventType "team"]
[EventRounds "11"]
[EventCountry "BEL"]
[SourceTitle "EXT 2003"]
[Source "ChessBase"]
[SourceDate "2002.11.25"]
[SourceVersion "1"]
[SourceVersionDate "2002.11.25"]
[SourceQuality "1"]

1. e4 e6 2. d4 d5 3. Nd2 c5 4. exd5 exd5 5. Ngf3 Nf6 6. Bb5+ Bd7 7. Bxd7+ Nbxd7 8. 0-0 Be7 9. dxc5 Nxc5 10. Nb3 Nce4 11. Nbd4 Qc8 12. Bf4 0-0 13. h3 a6 14. Nh4 Re8 15. Nhf5 Bc5 16. Qf3 g6 17. Nh6+ Kg7 18. Be3 Re5 19. Rad1 Rh5 20. Ng4 Nxg4 21. Qxg4 Re5 22. Bh6+ Kg8 23. Qf4 Bd6 24. Nf3 Rf5 25. Qg4 Bc5 26. c3 Nf6 27. Qh4 Qc6 28. Nd4 Bxd4 29. Qxd4 Qc4 30. g4 Rf3 31. Qxc4 dxc4 32. Rd4 Rxh3 33. Bg5 Kg7 34. f3 h5 35. Bxf6+ Kxf6 36. Rxc4 hxg4 37. fxg4+ Kg7 38. Kg2 Rd3 39. Rc7 Rf8 40. Rxb7 Kg8 41. Rf3 Rd2+ 42. Kg3 a5 43. Rf2 Rd3+ 44. Kg2 Rd5 45. a4 Rg5 46. Kh3 Rd5 47. Rf3 f5 48. gxf5 Rfxf5 49. Rxf5 Rxf5 50. Kg4 Rc5 51. Ra7 Kf8 52. Kf3 g5 53. Ke3 g4 54. Kf2 Ke8 55. Kg3 Kf8 56. Rd7 Re5 57. Rd3 Re4 58. b3 Kf7 59. Kf2 Kf6 60. Rd5 Rf4+ 61. Kg2 1-0

[Event "Ruhrgebiet Regionalliga 0001"]
[Site "Ruhrgebiet"]
[Date "2001.05.13"]
[Round "10"]
[White "Van der Linden, Bert"]
[Black "Himmel, Hansjoerg"]
[Result "1-0"]
[WhiteElo "2275"]
[BlackElo "2181"]
[PlyCount "105"]
[EventDate "2000.09.17"]
[EventType "team-tourn"]
[EventRounds "11"]
[EventCountry "GER"]
[SourceTitle "EXT 2024"]
[Source "ChessBase"]
[SourceDate "2023.10.10"]
[SourceVersion "1"]
[SourceVersionDate "2023.10.10"]
[SourceQuality "1"]
[WhiteTeam "Castrop Rauxel II"]
[BlackTeam "Dortmund Hansa"]
[WhiteTeamCountry "GER"]
[BlackTeamCountry "GER"]

1. e4 c5 2. Nf3 Nc6 3. d4 cxd4 4. Nxd4 e6 5. c4 Qc7 6. Nc3 Nf6 7. Be3 d6 8. Be2 a6 9. 0-0 Ne5 10. Rc1 Be7 11. b3 0-0 12. f3 Re8 13. Qd2 b6 14. Rfd1 Bb7 15. Bf1 Rac8 16. Qf2 Ned7 17. Kh1 Bf8 18. Nde2 Ba8 19. Nf4 h6 20. Nd3 Qb8 21. Nf4 Rc7 22. Na4 Nc5 23. Nxc5 bxc5 24. Nd3 Nd7 25. Qg3 Kh8 26. e5 d5 27. cxd5 exd5 28. e6 Nf6 29. Nxc5 Bxc5 30. Rxc5 Rxc5 31. Qxb8 Rxb8 32. Bxc5 fxe6 33. Bxa6 e5 34. Kg1 Bc6 35. Bd3 Rc8 36. Rc1 Bd7 37. Be3 Ra8 38. a4 Rb8 39. Rb1 d4 40. Bd2 Nd5 41. a5 Nc7 42. b4 Bb5 43. Bxb5 Nxb5 44. Rc1 Nc3 45. Bxc3 dxc3 46. Rxc3 Rxb4 47. Ra3 Rb7 48. a6 Ra7 49. Kf2 Kg8 50. Ke3 Kf7 51. Ke4 Ke6 52. Ra5 Kd6 53. g3 1-0

[Event "BEL-chT 0001"]
[Site "Belgium"]
[Date "2000.12.03"]
[Round "4"]
[White "Van der Linden, Bert"]
[Black "Kohlweyer, Bernd"]
[Result "0-1"]
[WhiteElo "2244"]
[BlackElo "2455"]
[PlyCount "68"]
[EventDate "2000.11.18"]
[EventType "team"]
[EventRounds "13"]
[EventCountry "BEL"]
[SourceTitle "CBM 081 Extra"]
[Source "ChessBase"]
[SourceDate "2001.05.06"]
[SourceVersion "1"]
[SourceVersionDate "2001.05.06"]
[SourceQuality "1"]

1. e4 c5 2. Nf3 d6 3. d4 cxd4 4. Nxd4 Nf6 5. Nc3 a6 6. Be3 e6 7. Qd2 b5 8. f3 Nbd7 9. g4 Bb7 10. g5 Nh5 11. 0-0-0 Rc8 12. Bd3 g6 13. Kb1 Bg7 14. Rhf1 0-0 15. Nce2 d5 16. exd5 Bxd5 17. Nc3 Bb7 18. Ne4 Qc7 19. Nb3 Rfd8 20. Qf2 Nf4 21. Bd4 Bxd4 22. Nxd4 e5 23. Nb3 Bxe4 24. Bxe4 a5 25. Qe1 b4 26. a4 Nc5 27. Nxc5 Qxc5 28. Rd2 Nh3 29. Qd1 Qe7 30. Bd5 Qxg5 31. b3 Kg7 32. Re1 Rc5 33. Ree2 Nf4 34. Bc4 Nxe2 0-1

[Event "Ruhrgebiet Regionalliga 0001"]
[Site "Ruhrgebiet"]
[Date "2000.11.19"]
[Round "3"]
[White "Voge, Andreas"]
[Black "Van der Linden, Bert"]
[Result "1-0"]
[WhiteElo "2062"]
[BlackElo "2275"]
[PlyCount "75"]
[EventDate "2000.09.17"]
[EventType "team-tourn"]
[EventRounds "11"]
[EventCountry "GER"]
[SourceTitle "EXT 2024"]
[Source "ChessBase"]
[SourceDate "2023.10.10"]
[SourceVersion "1"]
[SourceVersionDate "2023.10.10"]
[SourceQuality "1"]
[WhiteTeam "Oberhausen SV"]
[BlackTeam "Castrop Rauxel II"]
[WhiteTeamCountry "GER"]
[BlackTeamCountry "GER"]

1. e4 c5 2. Nf3 e6 3. d4 cxd4 4. Nxd4 Nf6 5. Nc3 Bb4 6. e5 Nd5 7. Bd2 Nxc3 8. bxc3 Be7 9. Qg4 0-0 10. Bh6 g6 11. Bxf8 Bxf8 12. Bd3 Qa5 13. 0-0 Qxe5 14. Rfe1 Qc5 15. h4 Nc6 16. Nxc6 bxc6 17. h5 Qxc3 18. hxg6 hxg6 19. Rab1 d5 20. Re3 Bc5 21. Rf3 Qg7 22. Qa4 Bd7 23. Rb7 Be8 24. Qa5 Qa1+ 25. Bf1 Bd6 26. Rxa7 Qe5 27. g3 Rc8 28. Ra8 Bb8 29. Rb3 Bc7 30. Qa6 Rxa8 31. Qxa8 Kf8 32. a4 Qe1 33. Qa7 Bd6 34. a5 c5 35. Qb6 Ke7 36. a6 c4 37. Rb1 Qc3 38. a7 1-0

[Event "BEL-chT 0001"]
[Site "Belgium"]
[Date "2000.10.22"]
[Round "2"]
[White "Van der Linden, Bert"]
[Black "Claesen, Jeroen"]
[Result "1/2-1/2"]
[WhiteElo "2244"]
[BlackElo "2253"]
[PlyCount "87"]
[EventDate "2000.11.18"]
[EventType "team"]
[EventRounds "13"]
[EventCountry "BEL"]
[SourceTitle "CBM 081 Extra"]
[Source "ChessBase"]
[SourceDate "2001.05.06"]
[SourceVersion "1"]
[SourceVersionDate "2001.05.06"]
[SourceQuality "1"]

1. e4 d6 2. d4 Nf6 3. Nc3 g6 4. Nf3 Bg7 5. Be2 0-0 6. 0-0 Bg4 7. Be3 Nc6 8. Qd2 e5 9. dxe5 dxe5 10. Rad1 Qc8 11. Qc1 Rd8 12. Rxd8+ Qxd8 13. Rd1 Qf8 14. h3 Bxf3 15. Bxf3 Rd8 16. Rxd8 Qxd8 17. Ne2 Qd6 18. Qd2 Qxd2 19. Bxd2 Nd7 20. c3 a5 21. Nc1 Bf8 22. Nd3 Nc5 23. Nxc5 Bxc5 24. Be2 Kf8 25. Kf1 Ke7 26. Bc4 Na7 27. a4 Nc8 28. Ke2 Nd6 29. Bd3 c6 30. b4 Bb6 31. Bc1 c5 32. Ba3 cxb4 33. cxb4 Kd7 34. f3 f6 35. Kd2 Kc6 36. b5+ Kd7 37. Kc2 Bd4 38. Kb3 b6 39. Bc4 Nxc4 40. Kxc4 Ke6 41. Bf8 h5 42. g4 hxg4 43. fxg4 g5 44. Ba3 1/2-1/2

[Event "BEL-chT 0001"]
[Site "Belgium"]
[Date "2000.10.15"]
[Round "1"]
[White "Van der Linden, Bert"]
[Black "Van der Stricht, Geert"]
[Result "0-1"]
[WhiteElo "2244"]
[BlackElo "2369"]
[PlyCount "114"]
[EventDate "2000.11.18"]
[EventType "team"]
[EventRounds "13"]
[EventCountry "BEL"]
[SourceTitle "CBM 081 Extra"]
[Source "ChessBase"]
[SourceDate "2001.05.06"]
[SourceVersion "1"]
[SourceVersionDate "2001.05.06"]
[SourceQuality "1"]

1. e4 c5 2. Nf3 d6 3. d4 cxd4 4. Nxd4 Nf6 5. Nc3 a6 6. Be3 e5 7. Nb3 Be7 8. Be2 Be6 9. a4 Nbd7 10. a5 Qc7 11. 0-0 0-0 12. Qd2 Rac8 13. Rfd1 Rfd8 14. Qe1 Qc6 15. Bf3 Ra8 16. h3 Bf8 17. Rd2 Re8 18. Qd1 g6 19. Rc1 Qc7 20. Nd5 Bxd5 21. exd5 Qc4 22. Qf1 Qb4 23. Qd1 Rac8 24. c3 Qc4 25. Be2 Qh4 26. c4 Ne4 27. Rdc2 Bh6 28. Bxh6 Qxh6 29. Nd2 Ndf6 30. b4 Qf4 31. Nxe4 Nxe4 32. Bf3 Ng5 33. Be2 Rcd8 34. Qd2 Qh4 35. Bf1 e4 36. Qe3 f5 37. g3 Qh6 38. h4 Nf3+ 39. Kg2 g5 40. Be2 f4 41. Qc3 Ne5 42. f3 g4 43. gxf4 exf3+ 44. Kg3 Ng6 45. Qf6 fxe2 46. Rxe2 Rf8 47. Qg5 Qxg5 48. fxg5 Rf3+ 49. Kxg4 Rdf8 50. Re4 Ne5+ 51. Kh5 R8f4 52. Rxf4 Rxf4 53. c5 Ng6 54. Rh1 Rxb4 55. cxd6 Rd4 56. Kh6 Rxd5 57. h5 Ne5 0-1

[Event "BEL-chT 0001"]
[Site "Belgium"]
[Date "2000.01.07"]
[Round "6"]
[White "Mohandesi, Shahin"]
[Black "Van der Linden, Bert"]
[Result "0-1"]
[WhiteElo "2299"]
[BlackElo "2244"]
[PlyCount "135"]
[EventDate "2000.11.18"]
[EventType "team"]
[EventRounds "13"]
[EventCountry "BEL"]
[SourceTitle "CBM 081 Extra"]
[Source "ChessBase"]
[SourceDate "2001.05.06"]
[SourceVersion "1"]
[SourceVersionDate "2001.05.06"]
[SourceQuality "1"]

1. d4 g6 2. c4 Bg7 3. Nc3 Nf6 4. e4 d6 5. Nf3 0-0 6. Be2 e5 7. 0-0 exd4 8. Nxd4 Nbd7 9. Be3 c6 10. Qd2 Nc5 11. f3 a5 12. Rfd1 a4 13. Nxc6 Ncxe4 14. Nxd8 Nxd2 15. Rxd2 Rxd8 16. Rad1 Be6 17. Nb5 Ne8 18. b3 Bf6 19. Nxd6 Nxd6 20. Rxd6 Rxd6 21. Rxd6 axb3 22. axb3 Be5 23. Rb6 Ra1+ 24. Kf2 Bxh2 25. f4 h5 26. Bf1 Ra2+ 27. Kf3 Bg4+ 28. Ke4 Ra1 29. Rxb7 Rxf1 30. c5 Re1 31. Kd3 Bg1 32. Rb8+ Kh7 33. Bd2 Bf5+ 34. Kc4 Re4+ 35. Kb5 Bd4 36. Rd8 Bf6 37. Rd6 Re6 38. Rxe6 Bxe6 39. b4 Bd5 40. g3 Bd4 41. Be1 Kg7 42. Kb6 Kf6 43. Kc7 Ke6 44. c6 g5 45. fxg5 Be5+ 46. Kb6 Kd6 47. b5 Bd4+ 48. Ka5 Be3 49. Bb4+ Kc7 50. Bc3 Bxg5 51. Be5+ Kc8 52. Kb4 Be3 53. Kc3 Bb6 54. Kd3 Be6 55. Bc3 Bc5 56. Be5 Kd8 57. Bf4 Ke7 58. Be5 Bd5 59. Bc3 Ke6 60. Bd2 Bg2 61. Ke2 Bh3 62. Ba5 Kd5 63. Bd8 Bd6 64. c7 Bxg3 65. Kf3 Bd6 66. b6 Kc6 67. Kf2 Bc8 68. Kg2 0-1

[Event "BEL-chT 9697"]
[Site "Belgium"]
[Date "1997.??.??"]
[Round "5"]
[White "Docx, Stefan"]
[Black "Van der Linden, Bert"]
[Result "1-0"]
[WhiteElo "2315"]
[BlackElo "2310"]
[PlyCount "79"]
[EventDate "1996.??.??"]
[EventType "team"]
[EventRounds "11"]
[EventCountry "BEL"]
[SourceTitle "EXT 1998"]
[Source "ChessBase"]
[SourceDate "1997.11.17"]
[SourceVersion "1"]
[SourceVersionDate "1997.11.17"]
[SourceQuality "1"]

1. e4 c5 2. Nf3 e6 3. Nc3 a6 4. g3 b5 5. d4 cxd4 6. Nxd4 Bb7 7. Bg2 d6 8. 0-0 Nd7 9. Re1 Qc7 10. Bg5 Ngf6 11. a4 b4 12. Nd5 exd5 13. exd5+ Kd8 14. Nc6+ Bxc6 15. dxc6 Nb6 16. Qd4 Be7 17. Rxe7 Kxe7 18. a5 Nc8 19. Re1+ Kf8 20. Qxf6 h6 21. Qd8+ Qxd8 22. Bxd8 f5 23. Bd5 h5 24. c7 Ra7 25. Be6 Ra8 26. Bxf5 Kf7 27. Be6+ Kg6 28. Bd5 Ra7 29. Re4 h4 30. g4 h3 31. Re6+ Kh7 32. Be4+ g6 33. Rxg6 Rf8 34. Bf6 Rxf6 35. Rxf6+ Kg8 36. Bd5+ Kg7 37. Rf7+ Kg6 38. f4 b3 39. cxb3 Kh6 40. Kf2 1-0

[Event "BEL-chT 9697"]
[Site "Belgium"]
[Date "1997.??.??"]
[Round "10"]
[White "Goormachtigh, Johan"]
[Black "Van der Linden, Bert"]
[Result "1/2-1/2"]
[WhiteElo "2290"]
[BlackElo "2310"]
[PlyCount "77"]
[EventDate "1996.??.??"]
[EventType "team"]
[EventRounds "11"]
[EventCountry "BEL"]
[SourceTitle "EXT 1998"]
[Source "ChessBase"]
[SourceDate "1997.11.17"]
[SourceVersion "1"]
[SourceVersionDate "1997.11.17"]
[SourceQuality "1"]

1. d4 Nf6 2. c4 g6 3. Nc3 Bg7 4. e4 d6 5. Be2 0-0 6. Nf3 e5 7. Be3 exd4 8. Nxd4 c6 9. Nc2 Re8 10. f3 d5 11. cxd5 cxd5 12. exd5 Bf5 13. Bf2 Bxc2 14. Qxc2 Nxd5 15. Nxd5 Qxd5 16. 0-0 Nc6 17. Bc4 Nd4 18. Bxd5 Nxc2 19. Rac1 Ne3 20. Bxe3 Rxe3 21. Rc7 Bd4 22. Kh1 Rd8 23. Bxf7+ Kf8 24. Rxb7 Re7 25. Rxe7 Kxe7 26. Bb3 Bxb2 27. Re1+ Kf8 28. h4 Bd4 29. Re2 Re8 30. Be6 h6 31. Kh2 Kg7 32. Re4 Bf2 33. g3 Kf6 34. Bd5 Rxe4 35. Bxe4 g5 36. h5 Be1 37. Kh3 Ke5 38. Kg4 Bd2 39. Bc2 1/2-1/2

[Event "BEL-chT 9697"]
[Site "Belgium"]
[Date "1997.??.??"]
[Round "1"]
[White "Van der Linden, Bert"]
[Black "Henris, Luc"]
[Result "1/2-1/2"]
[WhiteElo "2310"]
[BlackElo "2280"]
[PlyCount "114"]
[EventDate "1996.??.??"]
[EventType "team"]
[EventRounds "11"]
[EventCountry "BEL"]
[SourceTitle "EXT 1998"]
[Source "ChessBase"]
[SourceDate "1997.11.17"]
[SourceVersion "1"]
[SourceVersionDate "1997.11.17"]
[SourceQuality "1"]

1. e4 e5 2. Nf3 Nc6 3. Bb5 f5 4. Nc3 fxe4 5. Nxe4 d5 6. Nxe5 dxe4 7. Nxc6 Qg5 8. Qe2 Nf6 9. f4 Qh4+ 10. g3 Qh3 11. Ne5+ c6 12. Bc4 Bc5 13. d3 Ng4 14. d4 Nxe5 15. dxc5 Nxc4 16. Qxc4 Qg2 17. Qf1 Qxc2 18. Qf2 Qc4 19. Qe2 Qxc5 20. Qxe4+ Kf7 21. Be3 Qb5 22. Qe5 Qb4+ 23. Kf2 Rd8 24. Rhd1 Bg4 25. Bc5 Rd2+ 26. Rxd2 Qxd2+ 27. Kg1 Re8 28. Qc3 Qxc3 29. bxc3 b6 30. Bf2 Re2 31. a4 Bh3 32. a5 Rb2 33. Bd4 c5 34. Be5 b5 35. a6 Rg2+ 36. Kh1 Rc2 37. Bb8 b4 38. cxb4 cxb4 39. Bxa7 b3 40. Bd4 b2 41. Bxb2 Rxb2 42. a7 Bg2+ 43. Kg1 Ba8 44. Rc1 Rb7 45. Ra1 Ke7 46. Ra2 Kd6 47. Kf2 Kc5 48. f5 Kb6 49. Ke3 Re7+ 50. Kf4 h6 51. Kg4 Rf7 52. Ra3 Rf8 53. Kf4 Bb7 54. Ke5 Ba6 55. Rc3 Ra8 56. f6 Rxa7 57. Rf3 Bc4 1/2-1/2